Quiz sur 1976 - Statistiques

Statistiques générales
  • Ce quiz a été pris 34 fois
  • Le résultat moyen est 7 sur 20
Statistiques - réponses
Hint Réponse % Correct
Pays nord-américain qui abolit la peine de mort cette année-là Canada
87%
Célèbre écrivaine britannique, créatrice de Miss Marple et Hercule Poirot, qui meurt en 1976 Agatha Christie
84%
Célèbre acteur français de l'après-guerre, connu notamment dans Touche pas au Grisbi, mort en 1976 Jean Gabin
84%
Jeune gymnaste roumaine qui réalise le premier 10 aux J.O. de Montréal Nadia Comaneci
71%
Ville sud-africaine dans laquelle éclatent des émeutes en 1976 Soweto
55%
Parti politique britannique qui rentre alors au pouvoir Travailliste
55%
Pays insulaire africain qui obtient son indépendance en 1976 Seychelles
52%
Ville dans laquelle le Bayern Munich s'imposa face à l'ASSE en finale de la Ligue des Champions, avec la célèbre histoire des poteaux carrés Glasgow
42%
Rappeur français dont le vrai nom est Elie Yaffa, né en 1976 Booba
35%
Titre de Luis Fonsi chanté avec le rappeur portoricain Daddy Yankee, né en 1976 Despacito
29%
Activiste et opposant politique russe victime d'une tentative d'assassinat et actuellement en prison, né en 1976 Alexei Navalny
26%
Célèbre magicien et humoriste français né en 1976 Eric Antoine
26%
Personnalité politique chinoise, morte le 9 septembre Mao Zehdong
16%
Ile appartenant à la Papouasie-Nouvelle-Guinée, qui obtient une certaine autonomie du pays en 1976 et est actuellement en démarches pour obtenir l'indépendance d'ici 2027 Bougainville
13%
Ville qui accueille les J.O. d'Hiver en 1976 Innsbruck
13%
Tennisman français qui offre la victoire à l'Equipe de France lors de la Coupe Davis 2001 Nicolas Escudé
13%
Ville asiatique dans laquelle se tient la cinquième conférence des pays non-alignés en 1976, après Belgrade, Le Caire, Lusaka et Alger Colombo
10%
Ancien ministre de la Défense de Allende, victime d'un attentat à la bombe à Washington en 1976 Orlando Letelier
10%
Principes de la physique dont Werner Eisenberg, décédé en 1976, est l'un des pères Mécanique Quantique
6%
Ile autour de laquelle l'attaque aérienne du vol Cubana 455 s'est déroulé Barbade
3%
Aucun quiz correspondant
Distribution des résultats
% des personnes avec chaque résultat
Percentile par nombre de réponses
Votre historique - résultats
Vous n’avez pas pris ce quiz